header

The seven books of history against the pagans (Record no. 103652)

MARC details
000 -LEADER
fixed length control field 01737nam a2200421 a 4500
082 04 - DEWEY DECIMAL CLASSIFICATION NUMBER
Classification number 937
100 1# - MAIN ENTRY--AUTHOR NAME
Personal name Orosius, Paulus.
245 14 - TITLE STATEMENT
Title The seven books of history against the pagans
250 ## - EDITION STATEMENT
Edition statement 1st short-run reprint.
260 ## - PUBLICATION, DISTRIBUTION, ETC. (IMPRINT)
Place of publication Washington :
Name of publisher Catholic University of America Press,
Year of publication c1964, 2001 printing.
300 ## - PHYSICAL DESCRIPTION
Number of Pages xxi, 415 p.
490 1# - SERIES STATEMENT
Series statement The Fathers of the church, a new translation ;
650 #0 - SUBJECT ADDED ENTRY--TOPICAL TERM
Topical Term Apologetics
Topical Term World history
Topical Term History, Ancient
Topical Term Church history
700 1# - ADDED ENTRY--PERSONAL NAME
Personal name Deferrari, Roy J.
856 40 - ELECTRONIC LOCATION AND ACCESS
Uniform Resource Identifier http://site.ebrary.com/lib/rucke/Doc?id=10382811

No items available.

© 2026 Rongo University
Contact us: librarian | system librarian | Rongo university